The political thought of Plato and Aristotle / (Record no. 36044)
[ view plain ]
| 000 -LEADER | |
|---|---|
| fixed length control field | 00712nam a2200241 a 4500 |
| 001 - CONTROL NUMBER | |
| control field | 36044 |
| 003 - CONTROL NUMBER IDENTIFIER | |
| rucl marc code | BD-RjUL |
| 005 - DATE AND TIME OF LATEST TRANSACTION | |
| control field | 20211209052425.0 |
| 008 - FIXED-LENGTH DATA ELEMENTS--GENERAL INFORMATION | |
| fixed length control field | 170103s1959 nyu 001 0 eng |
| 035 ## - SYSTEM CONTROL NUMBER | |
| System control number | (BD-RjUL)36141 |
| 040 ## - CATALOGING SOURCE | |
| Original cataloging agency | DLC |
| Transcribing agency | WSU |
| Modifying agency | BD-RjUL |
| Language of cataloging | eng |
| 041 ## - LANGUAGE CODE | |
| Language code of text/sound track or separate title | eng |
| 082 00 - DEWEY DECIMAL CLASSIFICATION NUMBER | |
| Classification number | 320.938 |
| Author mark and year | BAP 1959 |
| Edition number | 23 |
| 100 1# - MAIN ENTRY--PERSONAL NAME | |
| Personal name | Barker, Ernest |
| 9 (RLIN) | 5429 |
| 245 14 - TITLE STATEMENT | |
| Title | The political thought of Plato and Aristotle / |
| Statement of responsibility, etc. | Ernest Barker |
| 260 ## - PUBLICATION, DISTRIBUTION, ETC. (IMPRINT) | |
| Place of publication, distribution, etc. | New York : |
| Name of publisher, distributor, etc. | Russell & Russell, |
| Date of publication, distribution, etc. | 1959. |
| 300 ## - PHYSICAL DESCRIPTION | |
| Pagination | xxii, 559 p. ; |
| Size | 24 cm. |
| 500 ## - GENERAL NOTE | |
| General note | Includes index |
| 600 00 - SUBJECT ADDED ENTRY--PERSONAL NAME | |
| Personal name | Plato. |
| General subdivision | Republic. |
| Personal name | Aristotle. |
| General subdivision | Politics. |
| 650 #0 - SUBJECT ADDED ENTRY--TOPICAL TERM | |
| Topical term or geographic name as entry element | Political science |
| Geographic subdivision | Greece |
| General subdivision | History |
| 9 (RLIN) | 55252 |
| 942 ## - ADDED ENTRY ELEMENTS (KOHA) | |
| Source of classification or shelving scheme | Dewey Decimal Classification |
| Koha item type | Books |
| Lost status | Source of classification or shelving scheme | Damaged status | Not for loan | Collection code | Permanent Location | Current Location | Shelving location | Date acquired | Source of acquisition | Cost, normal purchase price | Total Checkouts | Full call number | Date last seen | Copy number | Koha item type |
|---|---|---|---|---|---|---|---|---|---|---|---|---|---|---|---|
| Dewey Decimal Classification | Non-fiction | Central Library, University of Rajshahi | Central Library, University of Rajshahi | 12/03/1963 | Zitlinger | 56.00 | 320.938 BAP 1959 | 15/06/2014 | C-2 | Books | |||||
| Dewey Decimal Classification | Non-fiction | Central Library, University of Rajshahi | Central Library, University of Rajshahi | 06/11/1965 | Zitlinger | 60.00 | 320.938 BAP 1959 | 15/06/2014 | C-6 | Books | |||||
| Dewey Decimal Classification | Non-fiction | Central Library, University of Rajshahi | Central Library, University of Rajshahi | 09/01/1965 | Zitlinger | 60.00 | 320.938 BAP 1959 | 15/06/2014 | C-8 | Books | |||||
| Dewey Decimal Classification | Non-fiction | Central Library, University of Rajshahi | Central Library, University of Rajshahi | 09/01/1965 | Zeitlinger | 60.00 | 320.938 BAP 1959 | 15/06/2014 | C-9 | Books | |||||
| Dewey Decimal Classification | Non-fiction | Central Library, University of Rajshahi | Central Library, University of Rajshahi | 09/01/1965 | Zeitlinger | 60.00 | 320.938 BAP 1959 | 15/06/2014 | C-10 | Books | |||||
| Dewey Decimal Classification | Non-fiction | Central Library, University of Rajshahi | Central Library, University of Rajshahi | 12/03/1963 | Zeitlinger | 96.00 | 320.938 BAP 1959 | 16/06/2014 | C-3 | Books | |||||
| Dewey Decimal Classification | Not For Loan | Non-fiction | Central Library, University of Rajshahi | Central Library, University of Rajshahi | Reading Room | 03/05/1960 | Zeitlinger | 25.00 | 320.938 BAP 1959 | 12/12/2016 | C-1 | Books | |||
| Dewey Decimal Classification | Non-fiction | Central Library, University of Rajshahi | Central Library, University of Rajshahi | 12/03/1963 | Zeitlinger | 56.00 | 320.938 BAP 1959 | 03/01/2017 | C-4 | Books |